Investigaciones arqueológicas belgas en Siria (Record no. 28980)
[ view plain ]
| 000 -LEADER | |
|---|---|
| campo de control de longitud fija | 00828nam a2200229 i 4500 |
| 001 - NÚMERO DE CONTROL | |
| campo de control | 28980 |
| 003 - IDENTIFICADOR DE NÚMERO DE CONTROL | |
| campo de control | ES-MaACL |
| 005 - FECHA Y HORA DE LA ÚLTIMA TRANSACCIÓN | |
| campo de control | 20230906153948.0 |
| 007 - CAMPO FIJO DE DESCRIPCIÓN FÍSICA--INFORMACIÓN GENERAL | |
| campo de control de longitud fija | t| |
| 008 - DATOS DE LONGITUD FIJA--INFORMACIÓN GENERAL | |
| campo de control de longitud fija | 030120s1970 be ||||1| spa d |
| 100 1# - ENTRADA PRINCIPAL--NOMBRE DE PERSONA | |
| Nombre de persona | Balty, Janine. |
| 9 (RLIN) | 25134 |
| 245 10 - MENCIÓN DEL TÍTULO | |
| Título | Investigaciones arqueológicas belgas en Siria |
| Resto del título | : Apamea de Orontes / |
| Mención de responsabilidad, etc. | por Janine y Jean Ch. Balty y Michel Dewez ; (mapas y planos de Philippe Delvaux). |
| 260 ## - PUBLICACIÓN, DISTRIBUCIÓN, ETC. | |
| Lugar de publicación, distribución, etc. | Bruselas : |
| Nombre del editor, distribuidor, etc. | Ministerio de Asuntos Extranjeros y del Comercio Exterior, |
| Fecha de publicación, distribución, etc. | 1970. |
| 300 ## - DESCRIPCIÓN FÍSICA | |
| Extensión | 87 p., 6 lám. ; |
| Dimensiones | 22 cm. |
| 490 1# - MENCIÓN DE SERIE | |
| Mención de serie | Noticias de Bélgica ; |
| Designación de volumen o secuencia | 112 |
| 700 1# - ENTRADA AGREGADA--NOMBRE PERSONAL | |
| Nombre de persona | Delvaux, Philippe. |
| 9 (RLIN) | 43606 |
| 700 1# - ENTRADA AGREGADA--NOMBRE PERSONAL | |
| Nombre de persona | Balty, Jean Ch. |
| 9 (RLIN) | 25135 |
| 700 1# - ENTRADA AGREGADA--NOMBRE PERSONAL | |
| Nombre de persona | Dewez, Michel. |
| 9 (RLIN) | 44044 |
| 830 0# - PUNTO DE ACCESO ADICIONAL DE SERIE-TÍTULO UNIFORME | |
| Título uniforme | Noticias de Bélgica ; |
| Designación de volumen o secuencia | 112 |
| 9 (RLIN) | 182062 |
| 852 ## - LOCALIZACIÓN | |
| Ubicación | ES-MaACL |
| Número de control de estantería | C-45590 |
| Sublocalización o colección | R.73412 |
| Estatus retirado | Estado de pérdida | Estado de daño | No para préstamo | Biblioteca de origen | Biblioteca actual | Ubicación en estantería | Fecha de adquisición | Fuente de adquisición | Total de préstamos | Signatura topográfica completa | Código de barras | Visto por última vez | Precio de reemplazo | Tipo de ítem Koha |
|---|---|---|---|---|---|---|---|---|---|---|---|---|---|---|
| Biblioteca del Ateneo de Madrid | Biblioteca del Ateneo de Madrid | Depósito 2 | 17/01/2008 | C-45590 | 1029920 | 23/02/2023 | 23/02/2023 | Libro impreso |
